Poverty reduction and sustainable growth are development priorities for the decade.

Tlačové komuniké Komisie MMF pre rozvoj, zo schôdze v Bangkoku 14.10.1991. Prioritné úlohy rozvoja v 90. rokoch. Úlohy rozvojových a priemyselne vyvinutých krajín. Dôsledky pre postup Svetovej banky a MMF. Jadrom boja proti chudobe je rozvoj ľudských zdrojov krajín usmernením toku podpôr a investičn...

Descrizione completa

Salvato in:
Dettagli Bibliografici
Natura: Capitolo di libro
Lingua:inglese
Soggetti:
Tags: Aggiungi Tag
Nessun Tag, puoi essere il primo ad aggiungerne!!

MARC

LEADER 00000naa a2200000 4500
001 r006658
005 20221213084154.9
041 0 |a eng 
044 |a US 
245 1 0 |a Poverty reduction and sustainable growth are development priorities for the decade. 
520 |a Tlačové komuniké Komisie MMF pre rozvoj, zo schôdze v Bangkoku 14.10.1991. Prioritné úlohy rozvoja v 90. rokoch. Úlohy rozvojových a priemyselne vyvinutých krajín. Dôsledky pre postup Svetovej banky a MMF. Jadrom boja proti chudobe je rozvoj ľudských zdrojov krajín usmernením toku podpôr a investičných operácií medzinárodných inštitúcií a rozvinutých krajín na túto úlohu. 
610 2 0 |a Medzinárodný menový fond 
610 2 0 |a 1991 
610 2 0 |a Bangkok 
610 2 0 |a IBRD 
610 2 0 |a rozvoj hospodársky 
610 2 0 |a krajiny rozvojové 
610 2 0 |a 1991-2000 
610 2 0 |a zdroje pracovné 
610 2 0 |a investície zahraničné 
610 2 0 |a chudoba